Places To Study

There are group study rooms, individual study carrels, computer labs, and other spaces to study in the Libraries.

Reserve A Group Room

Online Resources

Access thousands of eBooks, audiobooks, and online journals from the comfort of your home.

Explore Resources

Events and Workshops

Join our upcoming events and workshops to enhance your skills and knowledge.

View Events

အင်္ဂုတ္တိုရ်ဋ္ဌကထာ၊ (Record no. 2605)

MARC details
000 -LEADER
fixed length control field 00896nam a22001697a 4500
003 - CONTROL NUMBER IDENTIFIER
control field OSt
005 - DATE AND TIME OF LATEST TRANSACTION
control field 20251124155811.0
008 - FIXED-LENGTH DATA ELEMENTS--GENERAL INFORMATION
fixed length control field 251124b |||||||| |||| 00| 0 eng d
040 ## - CATALOGING SOURCE
Transcribing agency DCL
082 ## - DEWEY DECIMAL CLASSIFICATION NUMBER
Classification number ၂၉၄.၃၈၂၃၄
130 ## - MAIN ENTRY--UNIFORM TITLE
Uniform title တိပိဋက။
Name of part/section of a work သုတ္တန္တပိဋက။
-- အင်္ဂုတ္တရနိကာယ။
Title of a work အင်္ဂုတ္ထိုရ်၊
Language of a work အဋ္ဌကထာ။
245 ## - TITLE STATEMENT
Title အင်္ဂုတ္တိုရ်ဋ္ဌကထာ၊
Number of part/section of a work ပထမတွဲ ။
264 ## - PRODUCTION, PUBLICATION, DISTRIBUTION, MANUFACTURE, AND COPYRIGHT NOTICE
Place of production, publication, distribution, manufacture ရန်ကုန် ၊
Name of producer, publisher, distributor, manufacturer နိုင်ငံတော်ဗုဒ္ဓသာသနာအဖွဲ့၊
Date of production, publication, distribution, manufacture, or copyright notice ၂၀၀၃။
300 ## - PHYSICAL DESCRIPTION
Extent ၄၆၃ စာမျက်နှာ ၊
Dimensions ၂၅ စင်တီ။
650 ## - SUBJECT ADDED ENTRY--TOPICAL TERM
Topical term or geographic name entry element အင်္ဂုတ္တိုရ်
Form subdivision အဋ္ဌကထာ။
942 ## - ADDED ENTRY ELEMENTS (KOHA)
Source of classification or shelving scheme Dewey Decimal Classification
Koha item type Short Term
Suppress in OPAC No
Holdings
Withdrawn status Lost status Source of classification or shelving scheme Damaged status Not for loan Collection Accession No. Home library Current library Shelving location Date acquired Total checkouts Full call number Barcode Date last seen Price effective from Koha item type
    Dewey Decimal Classification     Myanmar Pitaka Collection ၂၈၄၈ Dhammadhara Dhammadhara Myanmar Pitaka Shelves 24/11/2025   ၂၉၄.၃၈၂၃၄ အင်္ဂု ၂၈၄၈ MB00002848 24/11/2025 24/11/2025 Short Term